000 00231nam a2200097Ia 4500
001 941336
005 20250826215303.0
008 250824s9999 xx 000 0 und d
245 0 _aTALEBE
_cTARA WESTOVER
260 _bDOMİNGO YAYINLARI
999 _c941336
_d941336